LEADER 01381nam a2200301 u 4500 001 000000080439 003 CaOOAMICUS 005 20070226123639.0 008 041104s2004 it u000 u ita u 020 $a8813253001 035 $a11013827 040 $aMSA$bita 100 1 $aZaccaria, Roberto.$0(OLS)http://pul/name/47861 245 10$aDiritto dell'informazione e della comunicazione /$cRoberto Zaccaria ; con la collaborazione di Alessandra Valastro. 250 $a5. ed. 260 $aPadova :$bCEDAM,$c2004. 300 $axiv, 485 p. ;$c24 cm 650 4$aDiritto all'informazione.$0(OLS)http://pul/subject/6954 650 4$aStampa$xDiritto e legislazione$zItalia.$0(OLS)http://pul/subject/27897 650 4$aInformazione$xDiritto e legislazione$zItalia.$0(OLS)http://pul/subject/17008 650 4$aTelevisione$xDiritto e legislazione$zItalia.$0(OLS)http://pul/subject/25499 700 1 $aValastro, Alessandra.$0(OLS)http://pul/name/53616 850 $aPUL 852 $aPUL$W1$xSL Diritto e Scienze Sociali 3$y79$m323. 44 ZacRo 1$j102725$nBK-PRI$b $qDDC 21$B102725$CPULBib$Z2$F102725 $HPUL99299 $81 941 1 $a9 996 $6020$a8813253001$9(OLS)http://pul/number/106387 996 $6245$aDiritto dell'informazione e della comunicazione$9(OLS)http://pul/title/105349 996 $6260$aPadova :$bCEDAM$9(OLS)http://pul/publisher/48126 LEADER 01152nam a2200265 a 4500 001 000000143793 003 CaOOAMICUS 005 20150604104926.0 008 150604s2012 it a u000 u ita r 020 $z9788882846855* 040 $aPUL$bita 100 1 $aPreziosi, Ernesto,$d1955-$0(OLS)http://pul/name/48885 245 10$aGiuseppe Toniolo :$bper una societą di santi /$cErnesto Preziosi. 260 $aRoma :$bA.V.E.,$c©2012$aCittą del Vaticano :$bLibreria editrice vaticana 300 $a69 p. ;$c18 cm+$e1 Cd-Rom 504 $aBibliografia: p. 66-67. 600 14$aToniolo, Giuseppe,$d1845-1918.$0(OLS)http://pul/subject/9801 850 $aPUL 852 $aPUL$W1$xDP1 Fondo S. Lanza$y121$m3 A 46$j115682$qFondi$B166272$CPULBib$Z2$F166272 $HLan1741 $82 941 1 $a1 996 $6020$z9788882846855*$9(OLS)http://pul/number/157742 996 $6245$aGiuseppe Toniolo :$bper una societą di santi$9(OLS)http://pul/title/181906 996 $6260$aRoma :$bA.V.E.$9(OLS)http://pul/publisher/47979 996 $6260$aCittą del Vaticano :$bLibreria editrice vaticana$9(OLS)http://pul/publisher/47920